Días de guerra / (Record no. 131568)

MARC details
000 -LEADER
campo de control de longitud fija 00733nam a2200217 i 4500
001 - NÚMERO DE CONTROL
campo de control 131568
003 - IDENTIFICADOR DE NÚMERO DE CONTROL
campo de control ES-MaACL
005 - FECHA Y HORA DE LA ÚLTIMA TRANSACCIÓN
campo de control 20260113125411.0
007 - CAMPO FIJO DE DESCRIPCIÓN FÍSICA--INFORMACIÓN GENERAL
campo de control de longitud fija t|
008 - DATOS DE LONGITUD FIJA--INFORMACIÓN GENERAL
campo de control de longitud fija 070214s1915 cu |||| | spa d
080 ## - NÚMERO DE LA CLASIFICACIÓN DECIMAL UNIVERSAL
Número de la Clasificación Decimal Universal 821.134.2(729.1)-4"18"
100 1# - ENTRADA PRINCIPAL--NOMBRE DE PERSONA
Nombre de persona Rodríguez García, José Antonio,
Fechas asociadas al nombre 1864-1934
9 (RLIN) 98540
245 10 - MENCIÓN DEL TÍTULO
Título Días de guerra /
Mención de responsabilidad, etc. por José A. Rodríguez García.
260 ## - PUBLICACIÓN, DISTRIBUCIÓN, ETC.
Lugar de publicación, distribución, etc. La Habana :
Nombre del editor, distribuidor, etc. [s. n.],
Fecha de publicación, distribución, etc. 1915 (
Fabricante Imp. `Cuba Intelectual`)
300 ## - DESCRIPCIÓN FÍSICA
Extensión 196 p. ;
Dimensiones 20 x 14 cm.
530 ## - NOTA DISPONIBLE DE FORMULARIO FÍSICO ADICIONAL
Nota de formato físico adicional disponible Disponible en formato digital.
852 ## - LOCALIZACIÓN
Ubicación ES-MaACL
Número de control de estantería G-1044
Ubicación en estantería Depósito 2
856 4# - LOCALIZACIÓN Y ACCESO ELECTRÓNICOS
Identificador Uniforme de Recursos <a href="http://bdh-rd.bne.es/viewer.vm?id=0000105712&page=1 ">http://bdh-rd.bne.es/viewer.vm?id=0000105712&page=1 </a>
Texto de enlace (Biblioteca Digital Hispánica)
942 ## - ELEMENTOS DE ENTRADA SECUNDARIOS (KOHA)
Fuente del sistema de clasificación o colocación Clasificación decimal universal
Holdings
Estatus retirado Estado de pérdida Estado de daño No para préstamo Colección Biblioteca de origen Biblioteca actual Ubicación en estantería Fecha de adquisición Fuente de adquisición Total de préstamos Signatura topográfica completa Código de barras Visto por última vez Precio de reemplazo Tipo de ítem Koha
        Colección digital Biblioteca del Ateneo de Madrid Biblioteca del Ateneo de Madrid Depósito 2 17/01/2008     G-1044 1136970 23/02/2023 23/02/2023 Libro impreso